| 000 | 01164nas a2200337 4500 | ||
|---|---|---|---|
| 001 | BR8706045 | ||
| 003 | BR-BrBNA | ||
| 005 | 20231205090834.0 | ||
| 007 | ta | ||
| 008 | 230509b bl.|||p| |||| 00| 00por d | ||
| 040 |
_aBR-BrBNA _bpor _cBiblioteca Nacional de Agricultura |
||
| 041 | _a(En) | ||
| 072 | _aL50; M12 | ||
| 100 | 1 | _aOcampus, D. | |
| 100 | 1 | _aRosa, C.D. | |
| 100 | 1 | _aRodrigues, E. | |
| 100 | 1 | _aRosa, R. | |
| 245 | 1 | _aPurification of muscle pyruvatekinase and stability of pyruvatekinase from fish (Mugil lisa and Chaetoditerus Faber)[tainha, paru branco, analise fisica] | |
| 246 | 1 | _aPurification of muscle pyruvatekinase and lactic and dehydrogenase and stability of pyruvatekinase from fish (Mugil lisa and Chaetoditerus Faber) | |
| 650 | _aTAINHA | ||
| 650 | _aPARU BRANCO | ||
| 650 | _aENZIMA | ||
| 650 | _aANALISE FISICA | ||
| 650 | _aBIOQUIMICA ANIMAL | ||
| 650 | _aPROCESSAMENTO | ||
| 650 | _aPURIFICACAO | ||
| 650 | _aMUSCULO | ||
| 773 | 0 |
_tArquivos de Biologia e Tecnologia (Brazil) _xISSN 0365-0979 _g(Oct 1986), v. 29(4) p. 699-705 _wBR8706045 |
|
| 909 |
_a202311 _bLúcia _c55 _dLúcia Elande |
||
| 942 |
_2AGRIS _n0 _cANA |
||
| 999 |
_c121164 _d121164 |
||